000 01284cam a22004097 4500
001 1698
003 DO-SdBPM
005 20260305113917.0
007 ta
008 080807s2008 sp a | |||| 000 1 spa
015 _a
017 _a
_b
020 _a9788420447841
035 _a
040 _a DO-SdBPM
_bspa
_cBPMSU
_e rda
080 _a
082 0 4 _a823.91
_bD131d 2008
_222
100 1 _aDahl, Roald
_d1916-1990
_4aut.
_eautor
245 1 3 _aEl dedo mágico /
_cRoal Dahl ; ilustraciones de Quentin Blake ; traducción Maribel de Juan
_h
250 _a29a ed.
264 _aMadrid :
_bAlfaguara,
_c2008.
300 _a74 páginas :
_bilustraciones ;
_c21 cm
336 _atexto
_btxt
_2rdacontent
337 _asin mediación
_bn
_2rdamedia
338 _avolumen
_bnc
_2rdacarrier
490 0 _aAlfaguara infantil
500 _aIncluye datos biográficos del autor
590 _aInventariado, 2026/VM
650 7 _aCuentos infantiles ingleses.
650 7 _vCuentos infantiles
_aFantasía
650 7 _aMagia
_vCuentos infantiles.
650 7 _aLiteratura infantil inglesa
700 1 _aBlake, Quentin
_d1932-
_eilustración
700 1 _aJuan, Maribel de
_etraductor
910 _aVMateo V. Control de calidad. BPMSU
942 _2ddc
_cBK
999 _c11850
_d11850